000 00293 a2200109 4500
001 ART_46177
005 20260410162053.0
008 260409a
245 1 0 _aTerritorios en conflicto
100 1 _aRossi, Virginia
773 0 _tPampa
_g- Año 6, Nº 6 (nov. 2010)
_wREV46129
999 _c36030
_d36030